| 000 | 01163naa a22003257a 4500 | ||
|---|---|---|---|
| 001 | BR6800341 | ||
| 003 | BR-BrBNA | ||
| 005 | 20240918173328.0 | ||
| 007 | ta | ||
| 008 | 230509b bl.||||| |||| 00| 0 por d | ||
| 040 |
_aBR-BrBNA _bpor _cBiblioteca Nacional de Agricultura |
||
| 041 | _a(Pt) | ||
| 072 |
_aK10 _b3275 _b3530 _b4530 _bG514 |
||
| 090 | _aK10 BR6800341 | ||
| 110 | 1 |
_aA Madeireira Ltda., Curitiba, PR (Brasil). Depto. Florestal _99 |
|
| 111 | 1 |
_aCongresso Florestal Brasileiro _cCuritiba, PR (Brazil) _d20 Oct 1968 |
|
| 245 | 1 | _aEnsaio da introducao do alamo (choupo)na regiao do Vale do Iguacu [Populus spp; Plantio; Parana; Brasil] | |
| 260 | 3 |
_aCuritiba, PR (Brasil): _c1968. |
|
| 500 | _aAnais do Congresso Florestal Brasileiro Curitiba, PR (Brasil): 1968. p. 285-286 (BR6800341-AM)K10 | ||
| 650 | _aProducao florestal | ||
| 650 | _aChoupo | ||
| 650 | _aMuda | ||
| 650 | _aEstaca | ||
| 650 | _aPlantio | ||
| 650 | _aVale do Iguacu | ||
| 650 | _aParana | ||
| 773 | 0 |
_tAnais do Congresso Florestal Brasileiro _wK10 BR6800341 _gCuritiba, PR (Brasil), 1968. p. 285-286 |
|
| 909 |
_a202404 _bLucia _c55 _dLucia Elande |
||
| 942 |
_cAM _2AGRIS |
||
| 999 |
_c304006 _d304006 |
||